Statistics for Biggest Countries in Europe in 1700

Click here to take the quiz!

General Stats

  • This quiz has been taken 15,181 times
  • The average score is 12 of 18

Answer Stats

km2 Answer % Correct
300,000England (including Scotland)
99%
600,000France
97%
4,000,000Russia
97%
700,000Spain
96%
1,000,000Sweden
88%
500,000Denmark-Norway
88%
90,000Portugal
87%
700,000Habsburg Monarchy
87%
1,000,000Poland-Lithuania
83%
1,500,000Ottoman Empire
77%
40,000Dutch Republic
74%
100,000Brandenburg-Prussia
69%
40,000Swiss Confederation
60%
40,000Papal States
38%
30,000Bavaria
38%
100,000Venice
34%
30,000Saxony
21%
30,000Savoy
12%

Score Distribution

Percentile by Number Answered

Percent of People with Each Score

Your Score History

You have not taken this quiz